| 000 | 01562nas a2200277Ia 4500 | ||
|---|---|---|---|
| 001 | L200-55747 | ||
| 003 | IT-CnALBA | ||
| 008 | 170116c99999999xx |||||||||||| ||und|| | ||
| 040 |
_aIT-CnALBA _cIT-CnALBA |
||
| 041 | _aITALIANO | ||
| 100 | _aBUCCIARELLI CLAUDIO | ||
| 210 | _aRAGAZZI ASPIRANTI | ||
| 222 | _aRAGAZZI ASPIRANTI | ||
| 245 | 0 | _aRAGAZZI ASPIRANTI. RIVISTA PER DELEGATI ASPIRANTI GIAC. AGOSTO SETTEMBRE 1958. | |
| 250 | _a1a ed. | ||
| 260 |
_aROMA - TREVISO _bGIAC _c1958 [1° Ed.:1958 - Ed.Ling.Originale: 1958] |
||
| 300 | _a40 p. (prefazione: 8) | ||
| 310 | _aMENSILE | ||
| 362 | _aFascicolo: 8-9 / Anno: 11 (1958) | ||
| 500 | _aRISPOSTE AI LETTORI. EDITORIALE. COLLOQUI COL DELEGATO. LA COMUNIONE. COURTOIS G. L'EDUCATORE E LA FAMIGLIA. PAGINE SCELTE. LA PROMESSA DEGLI ASPIRANTI. PARLARE DI GESÙ AI RAGAZZI. FIORETTI DEL DELEGATO. GIORNATA DI RITIRO. COLLEZIONE DI INSETTI. IL TEMA. LA CASA. COSTRUIRE UN TELEFONO. S. TARCISIO. IL TESSERAMENTO. VIVA IL GREST. CINEMA. | ||
| 501 | _aSocietà San Paolo EM - Piazza San Paolo, 14 - 12051 ALBA (CN) (non commercial uses only) ® Copyright 2017 | ||
| 520 | _aRISPOSTE AI LETTORI. EDITORIALE. COLLOQUI COL DELEGATO. LA COMUNIONE. COURTOIS G. L'EDUCATORE E LA FAMIGLIA. PAGINE SCELTE. LA PROMESSA DEGLI ASPIRANTI. PARLARE DI GESÙ AI RAGAZZI. FIORETTI DEL DELEGATO. GIORNATA DI RITIRO. COLLEZIONE DI INSETTI. IL TEMA. LA CASA. COSTRUIRE UN TELEFONO. S. TARCISIO. IL TESSERAMENTO. VIVA IL GREST. CINEMA. | ||
| 650 | _aRELIGIONE - RELIGIONE CRISTIANA | ||
| 942 | _cCR | ||
| 957 | _71 | ||
| 999 |
_a73247 _bNO _g1 _c334417 _d334417 |
||